000 01143nas a2200397 4500
001 BR2014005253
003 BR-BrBNA
005 20231205124428.0
007 ta
008 230509b bl.|||p| |||| 00| 00por d
040 _aBR-BrBNA
_bpor
_cBiblioteca Nacional de Agricultura
041 _a(Pt)
072 _aL01; L02
100 1 _aCorrêa, G.S.S.
100 1 _aSilva, M.A.
100 1 _aCorrêa, A.B.
100 1 _aAlmeida, V.
100 1 _aFontes, D.O.
100 1 _aTorres, R.A.
100 1 _aDionello, N.J.L.
100 1 _aFreitas, L.S.
100 1 _aVentura, R.V.
100 1 _aPaulo, A.A.
100 1 _aSilva, J.V.
100 1 _aSantos, G.G.
245 1 _aExigência de metionina + cistina total para codornas de corte em crescimento
650 _aCODORNA
650 _aCRESCIMENTO
650 _aDIETA
650 _aGANHO DE PESO
650 _aCONSUMO ALIMENTAR
650 _aAMINOÁCIDO
773 0 _tArquivo Brasileiro de Medicina Veterinária e Zootecnia (Brazil)
_xISSN 0102-0935
_g(Jun 2006), v. 58(3) p. 414-420
_wBR2014005253
909 _a202311
_bLúcia
_c55
_dLúcia Elande
942 _2AGRIS
_n0
_cANA
999 _c239028
_d239028